| 000 | 00581nam a2200205Ia 4500 | ||
|---|---|---|---|
| 001 | 9280 | ||
| 003 | GE_BSU | ||
| 008 | 181216s||||||||xx |||||||||||||| ||und|| | ||
| 040 | _cGE_BSU | ||
| 080 | _a821.353.1-32 | ||
| 100 | _aერისთავი,გიორგი | ||
| 245 | _aპიესები | ||
| 245 | _cრედ. და შეს. წერილი შ. რადიანი | ||
| 260 | _aთბილისი | ||
| 260 | _bსახელგამი | ||
| 260 | _c1950 | ||
| 300 | _a395გვ;20სმ. | ||
| 653 | _aპიესები | ||
| 942 | _cBK | ||
| 999 |
_c42579 _d42579 |
||